000 00822nam a2200241Ia 4500
003 OSt
005 20220923212326.0
006 a|||||r|||| 00| 0
007 ta
008 220922b |||||||| |||| 00| 0 hin d
024 _a152,265
037 _cTextual
040 _aARTS
_cARTS
_bhin
041 _2hin
_ahin
082 _aN.235.D6<-D4, M0-;1
100 _aशास्त्री, अजय मित्र
245 0 _aभारत के सांस्कृतिक केन्द्र अजन्ता
246 _aBhārat ke sāanskṛutik kendra ajantā
260 _aदिल्ली
_b मैकमिलन
_c1980
300 _a162 पृ.
_ccm.
942 _hN.235.D6<-D4, M0-;1
_cTEXL
_2CC
999 _c307914
_d307914